Statistics for Wives of Henry VIII

Click here to take the quiz!

General Stats

  • This quiz has been taken 39 times
  • The average score is 5 of 6

Answer Stats

HintAnswer% Correct
SecondAnne Boleyn
100%
FourthAnne of Cleves
85%
FirstCatherine of Aragon
82%
ThirdJane Seymour
82%
FifthCatherine Howard
74%
SixthCatherine Parr
74%

Score Distribution

Percentile by Number Answered

Percent of People with Each Score

Your Score History

You have not taken this quiz